IT as a service (ITaaS) framework, (Record no. 36711)

MARC details
000 -LEADER
fixed length control field 00565nam a22001697a 4500
005 - DATE AND TIME OF LATEST TRANSACTION
control field 20241028125610.0
008 - FIXED-LENGTH DATA ELEMENTS--GENERAL INFORMATION
fixed length control field 241028b |||||||| |||| 00| 0 eng d
020 ## - INTERNATIONAL STANDARD BOOK NUMBER
ISBN 9781587145018
082 ## - DEWEY DECIMAL CLASSIFICATION NUMBER
Classification number 658.403
Item number MAN-I
100 ## - MAIN ENTRY--AUTHOR
Author Name Justin, Mann
245 ## - TITLE STATEMENT
Title IT as a service (ITaaS) framework,
Remainder of title Transform to an end-to-end services organization and operate IT like a competitive business /
Statement of responsibility, etc. Justin Mann
260 ## - PUBLICATION, DISTRIBUTION, ETC.
Place of Publication USA:
Name of publisher, distributor, etc. Cissco press;
Date of publication, distribution, etc. 2018.
300 ## - PHYSICAL DESCRIPTION
Pages xiv, 300 p. :
500 ## - GENERAL NOTE
General note include index.
650 ## - SUBJECT ADDED ENTRY--TOPICAL TERM
Subject / Department Information Technology
300 ## - PHYSICAL DESCRIPTION
-- ill;
-- 24 cm.
952 ## - LOCATION AND ITEM INFORMATION (KOHA)
-- 0
-- 0
952 ## - LOCATION AND ITEM INFORMATION (KOHA)
-- 0
-- 0
952 ## - LOCATION AND ITEM INFORMATION (KOHA)
-- 0
-- 0
Holdings
Lost status Damaged status Collection code Permanent Location Current Location Shelving Location Date acquired Full Call Number Accession No./Barcode Date last seen Copy number item type Koha item type
    CS/IT Superior Information Resource Center (SIRC) Superior University- Gold Campus Superior Information Resource Center (SIRC) Superior University- Gold Campus Information Technoogy 10/28/2024 658.403 MAN-T 2018 17836 10/28/2024 1 BOOK BOOK
    CS/IT Superior Information Resource Center (SIRC) Superior University- Gold Campus Superior Information Resource Center (SIRC) Superior University- Gold Campus Information Technoogy 10/29/2024 658.403 MAN-T 2018 19030 10/29/2024 2 BOOK BOOK
    CS/IT Superior Information Resource Center (SIRC) Superior University- Gold Campus Superior Information Resource Center (SIRC) Superior University- Gold Campus Information Technoogy 10/29/2024 658.403 MAN-T 2018 19031 10/29/2024 3 BOOK BOOK

Powered by Koha